Revaluation 1990 (Record no. 19887)

MARC details
000 -LEADER
fixed length control field 00763cab a2200205 4500
001 - CONTROL NUMBER
control field ABS41318
008 - FIXED-LENGTH DATA ELEMENTS--GENERAL INFORMATION
fixed length control field 090401t1989 xxu||||| |||| 00| 0 eng d
035 ## - SYSTEM CONTROL NUMBER
System control number (Sirsi) u29546
041 ## - LANGUAGE CODE
Language code of text/sound track or separate title eng
100 ## - MAIN ENTRY--PERSONAL NAME
Personal name Brown, P.
245 ## - TITLE STATEMENT
Title Revaluation 1990
260 ## - PUBLICATION, DISTRIBUTION, ETC.
Date of publication, distribution, etc. 1989
350 ## - PRICE (NR) (BK AM CF MU VM SE) [OBSOLETE]
Price 0
490 ## - SERIES STATEMENT
Series statement RVA Monthly
Volume/sequential designation August 1989, 220-223(3)
520 ## - SUMMARY, ETC.
Summary, etc. The Local Government Act 1988 Schedule 6 para 2(1) provides the basis of valuation for the new rating lists.The change in the basis of assessment from gross to rateable value changes the liability for repair from landlord to tenant. By analysing caselaw the author considers the issues raised for valuers.
650 ## - SUBJECT ADDED ENTRY--TOPICAL TERM
Topical term or geographic name entry element REVALUATION
690 ## - LOCAL SUBJECT ADDED ENTRY--TOPICAL TERM (OCLC, RLIN)
Topical term or geographic name as entry element RATING AND VALUATION
942 ## - ADDED ENTRY ELEMENTS (KOHA)
Suppress in OPAC 0
948 ## - LOCAL PROCESSING INFORMATION (OCLC); SERIES PART DESIGNATOR (RLIN)
c (OCLC) 04/03/1997
Holdings
Withdrawn status Lost status Source of classification or shelving scheme Damaged status Not for loan Home library Current library Shelving location Date acquired Total Checkouts Full call number Barcode Date last seen Copy number Price effective from Koha item type
    Dewey Decimal Classification     London London Journal article 14/09/1999   ABS41318 29546-1001 06/08/2019 1 06/08/2019 Journal article